000 00256nam a2200109Ia 4500
008 190914s9999||||xx |||||||||||||| ||und||
100 _aDoctor Siddiqa Arman
245 0 _aTehreek-e- Qalam
260 _akarachi
_bIdarahai
_c2001
300 _a482
942 _cBK
999 _c8671
_d8671